Marketing a dizajn v podniku

Oblasti aplikácie dizajnu v podniku (priemyselný dizajn, grafický dizajn, dizajn pracovného prostredia, dizajn obalu). Vzájomné vzťahy marketingu a dizajnu. Identita cieľov marketingu a dizajnu.

Na minha lista:
Detalhes bibliográficos
Autor principal: Kita, Jaroslav
Formato: Capítulo de Livro
Idioma:eslovaco
Assuntos:
Tags: Adicionar Tag
Sem tags, seja o primeiro a adicionar uma tag!

MARC

LEADER 00000naa a2200000 4500
001 r025693
005 20230921122312.4
041 0 |a slo 
044 |a SK 
245 1 0 |a Marketing a dizajn v podniku  |c Jaroslav Kita 
520 |a Oblasti aplikácie dizajnu v podniku (priemyselný dizajn, grafický dizajn, dizajn pracovného prostredia, dizajn obalu). Vzájomné vzťahy marketingu a dizajnu. Identita cieľov marketingu a dizajnu. 
610 2 0 |a marketing 
610 2 0 |a dizajn 
610 2 0 |a podnik 
610 2 0 |a komunikácia 
610 2 0 |a predaj 
610 2 0 |a pojmy 
100 1 |a Kita, Jaroslav